<?xml version="1.0" encoding="UTF-8"?>
<record
    xmlns:xsi="http://www.w3.org/2001/XMLSchema-instance"
    xsi:schemaLocation="http://www.loc.gov/MARC21/slim http://www.loc.gov/standards/marcxml/schema/MARC21slim.xsd"
    xmlns="http://www.loc.gov/MARC21/slim">

  <leader>00665    a2200181   4500</leader>
  <controlfield tag="003">Nust</controlfield>
  <controlfield tag="005">20170207153424.0</controlfield>
  <datafield tag="040" ind1=" " ind2=" ">
    <subfield code="c">Nust</subfield>
  </datafield>
  <datafield tag="082" ind1=" " ind2=" ">
    <subfield code="a">355.30947</subfield>
  </datafield>
  <datafield tag="100" ind1=" " ind2=" ">
    <subfield code="a">Vincent R J</subfield>
  </datafield>
  <datafield tag="245" ind1=" " ind2=" ">
    <subfield code="a">Military power and political Influence the Soviet Union and Western Europe</subfield>
    <subfield code="b">The Soviet union and westerm europe</subfield>
    <subfield code="c">R.J.Vincent</subfield>
  </datafield>
  <datafield tag="260" ind1=" " ind2=" ">
    <subfield code="a">London</subfield>
    <subfield code="b">Strategic Studies</subfield>
    <subfield code="c">1975</subfield>
  </datafield>
  <datafield tag="300" ind1=" " ind2=" ">
    <subfield code="a">29 p.;</subfield>
  </datafield>
  <datafield tag="505" ind1=" " ind2=" ">
    <subfield code="a">The Utility of Military Force  (Page-2), The Soviet Union and Military Power (Page-5), The Political Effect of Soviet Military (Page-19), Conclusion (Page-28),</subfield>
  </datafield>
  <datafield tag="538" ind1=" " ind2=" ">
    <subfield code="a">Almirah No.53 Shelf No.6</subfield>
  </datafield>
  <datafield tag="600" ind1=" " ind2=" ">
    <subfield code="a">R J Vincent</subfield>
  </datafield>
  <datafield tag="650" ind1=" " ind2=" ">
    <subfield code="a">Political Influence</subfield>
  </datafield>
  <datafield tag="942" ind1=" " ind2=" ">
    <subfield code="2">ddc</subfield>
    <subfield code="c">BK</subfield>
  </datafield>
  <datafield tag="999" ind1=" " ind2=" ">
    <subfield code="c">185817</subfield>
    <subfield code="d">185817</subfield>
  </datafield>
  <datafield tag="952" ind1=" " ind2=" ">
    <subfield code="0">0</subfield>
    <subfield code="1">0</subfield>
    <subfield code="2">ddc</subfield>
    <subfield code="4">0</subfield>
    <subfield code="7">0</subfield>
    <subfield code="8">NFIC</subfield>
    <subfield code="a">MCS</subfield>
    <subfield code="b">MCS</subfield>
    <subfield code="d">2016-12-12</subfield>
    <subfield code="l">0</subfield>
    <subfield code="o">355.30947  VIN</subfield>
    <subfield code="p">MCS21793</subfield>
    <subfield code="r">2016-12-08</subfield>
    <subfield code="w">2016-12-12</subfield>
    <subfield code="y">BK</subfield>
  </datafield>
</record>
